Un héroe trágico del anarquismo español (Record no. 178120)

MARC details
000 -LEADER
campo de control de longitud fija 01216nam a2200349 i 4500
001 - NÚMERO DE CONTROL
campo de control 178120
003 - IDENTIFICADOR DE NÚMERO DE CONTROL
campo de control ES-MaACL
005 - FECHA Y HORA DE LA ÚLTIMA TRANSACCIÓN
campo de control 20260526170738.0
008 - DATOS DE LONGITUD FIJA--INFORMACIÓN GENERAL
campo de control de longitud fija 110518s2009 sp acop |||| |bspa d
020 ## - NÚMERO INTERNACIONAL ESTÁNDAR DEL LIBRO
Número Internacional Estándar del Libro 978-84-9888-128-8
080 ## - NÚMERO DE LA CLASIFICACIÓN DECIMAL UNIVERSAL
Número de la Clasificación Decimal Universal 929 Morral, Mateo
080 ## - NÚMERO DE LA CLASIFICACIÓN DECIMAL UNIVERSAL
Número de la Clasificación Decimal Universal 330.862(460)"19"
080 ## - NÚMERO DE LA CLASIFICACIÓN DECIMAL UNIVERSAL
Número de la Clasificación Decimal Universal 94(460)"1902/31"
100 1# - ENTRADA PRINCIPAL--NOMBRE DE PERSONA
Nombre de persona Masjuan Bracons, Eduard.
9 (RLIN) 78733
245 13 - MENCIÓN DEL TÍTULO
Título Un héroe trágico del anarquismo español
Resto del título : Mateo Morral, 1879-1906 /
Mención de responsabilidad, etc. Eduard Masjuan.
250 ## - MENCION DE EDICION
Mención de edición 1ª ed.
260 ## - PUBLICACIÓN, DISTRIBUCIÓN, ETC.
Lugar de publicación, distribución, etc. Barcelona :
Nombre del editor, distribuidor, etc. Icaria,
Fecha de publicación, distribución, etc. 2009.
300 ## - DESCRIPCIÓN FÍSICA
Extensión 293 p. :
Otras características físicas il., fot. ;
Dimensiones 22 cm.
490 1# - MENCIÓN DE SERIE
Mención de serie Icaria antrazyt ;
Designación de volumen o secuencia 311.
Mención de serie Historia
500 ## - NOTA GENERAL
Nota general Índices.
504 ## - NOTA DE BIBLIOGRAFÍA, ETC.
Nota de bibliografía, etc. Bibliografía: p. 279-285.
505 8# - NOTA DE CONTENIDO CON FORMATO
Nota de contenido con formato Contiene: Mateo Morral después de la guerra civil
600 17 - PUNTO DE ACCESO ADICIONAL DE MATERIA--NOMBRE DE PERSONA
Nombre de persona Morral, Mateo.
9 (RLIN) 146600
600 14 - PUNTO DE ACCESO ADICIONAL DE MATERIA--NOMBRE DE PERSONA
Nombre de persona Alfonso
Numeración XIII,
Títulos y otros términos asociados al nombre Rey de España-
Subdivisión general Intentos de asesinato.
9 (RLIN) 159162
650 #7 - PUNTO DE ACCESO ADICIONAL DE MATERIA--TÉRMINO DE MATERIA
Término de materia o nombre geográfico como elemento de entrada Anarquismo
Fuente del encabezamiento o término embne
9 (RLIN) 9783
650 #7 - PUNTO DE ACCESO ADICIONAL DE MATERIA--TÉRMINO DE MATERIA
Término de materia o nombre geográfico como elemento de entrada Anarquismo-
Subdivisión geográfica España-
Subdivisión de forma Historia.
9 (RLIN) 151458
830 1# - PUNTO DE ACCESO ADICIONAL DE SERIE-TÍTULO UNIFORME
Título uniforme Icaria antrazyt
Designación de volumen o secuencia 311.
9 (RLIN) 177286
852 ## - LOCALIZACIÓN
Ubicación ES-MaACL
itemnumber 184979
Sublocalización o colección R.145710
Número de control de estantería A-11199
Signatura antigua Olim: N-4203
Ubicación en estantería Depósito 1
942 ## - ELEMENTOS DE ENTRADA SECUNDARIOS (KOHA)
Fuente del sistema de clasificación o colocación Clasificación decimal universal
Tipo de ítem Koha Libro impreso
Holdings
Estatus retirado Estado de pérdida Fuente del sistema de clasificación o colocación Estado de daño No para préstamo Biblioteca de origen Biblioteca actual Ubicación en estantería Fecha de adquisición Fuente de adquisición Total de préstamos Signatura topográfica completa Código de barras Visto por última vez Precio de reemplazo Tipo de ítem Koha
    Clasificación decimal universal     Biblioteca del Ateneo de Madrid Biblioteca del Ateneo de Madrid Depósito 1 18/05/2011 Compra   A-11199 1187113 23/02/2023 23/02/2023 Libro impreso